Lenin o kontrole, bankách a financích
Gespeichert in:
| 1. Verfasser: | |
|---|---|
| Format: | Buch |
| Sprache: | Tschechisch |
| Veröffentlicht: |
Praha
Orbis
1972
|
| Tags: |
Keine Tags, Fügen Sie das erste Tag hinzu!
|
MARC
| LEADER | 00000nam a2200000 4500 | ||
|---|---|---|---|
| 001 | c121290 | ||
| 005 | 20041019155222.0 | ||
| 041 | 0 | |a cze | |
| 044 | |a CZ | ||
| 245 | 1 | 0 | |a Lenin o kontrole, bankách a financích |c Bedřich Spáčil |
| 264 | 1 | |a Praha |b Orbis |c 1972 | |
| 300 | |a 114 s. | ||
| 100 | 1 | |a Spáčil, Bedřich | |